[Event "VI Open Vallee d'Aoste A"]
[Site "Saint Vincent - Chatillon ITA"]
[Date "1998.02.07"]
[Round "1"]
[White "Farago, Ivan"]
[Black "Minerva, Enzo"]
[Result "1-0"]
[WhiteElo "2475"]
[BlackElo "2155"]
[PlyCount "113"]
[EventDate "1998.02.07"]

1. d4 Nf6 2. c4 e5 3. dxe5 Ng4 4. Nf3 Bb4+ 5. Bd2 Qe7 6. Nc3 Nxe5 7. Nxe5 Qxe5
8. g3 c6 9. a3 Be7 10. Bg2 O-O 11. O-O d6 12. Ne4 Bf5 13. Bc3 Qe6 14. Qd4 Qe5
15. Qxe5 dxe5 16. Bxe5 Nd7 17. Bc3 Rad8 18. Rfd1 Nc5 19. Nxc5 Bxc5 20. b4 Bb6
21. c5 Bc7 22. b5 cxb5 23. Bxb7 Bc2 24. Rdc1 Bb3 25. Rab1 Ba4 26. Ba6 Rb8 27.
Bd4 Rfe8 28. e3 Re6 29. c6 Kf8 30. Bxa7 Ra8 31. Bc5+ Ke8 32. Bb7 Rd8 33. Bd4 g6
34. Rc5 f5 35. Ba6 Rb8 36. Bxb5 Bxb5 37. Rbxb5 Rxb5 38. Rxb5 Rxc6 39. Rc5 Kd7
40. Rxc6 Kxc6 41. Bc3 Kb5 42. Kf1 Kc4 43. Be1 Kd3 44. a4 Bb6 45. Bb4 Kc4 46. a5
Ba7 47. Bd6 Kb5 48. Bc7 Kc6 49. Bd8 Kb5 50. Ke2 h5 51. f3 Bb8 52. e4 h4 53.
gxh4 fxe4 54. fxe4 Bxh2 55. Kf3 Bg1 56. Kf4 Bf2 57. Kg5 1-0

[Event "VI Open Vallee d'Aoste A"]
[Site "Saint Vincent - Chatillon ITA"]
[Date "1998.02.07"]
[Round "1"]
[White "Genocchio, Daniele"]
[Black "Van den Doel, Erik"]
[Result "0-1"]
[WhiteElo "2155"]
[BlackElo "2485"]
[PlyCount "70"]
[EventDate "1998.02.07"]

1. e4 c5 2. c3 Nf6 3. e5 Nd5 4. Bc4 Nb6 5. Bb3 c4 6. Bc2 Nc6 7. Nf3 Qc7 8. Qe2
g5 9. e6 dxe6 10. Nxg5 Qe5 11. d4 cxd3 12. Bxd3 Qxe2+ 13. Bxe2 h6 14. Ne4 e5
15. O-O Bf5 16. Ng3 Bg6 17. Nd2 O-O-O 18. Nc4 Nd5 19. Re1 h5 20. Bf3 Bg7 21. a4
e6 22. Ne4 Kc7 23. Bg5 f6 24. Bh4 Nce7 25. Nc5 Bf7 26. Rad1 Ng6 27. Bg3 h4 28.
Be4 Nge7 29. Bxd5 Rxd5 30. Rxd5 Nxd5 31. Bxe5+ fxe5 32. Nxe5 Bxe5 33. Rxe5 Kd6
34. Nd3 Bg6 35. Rxd5+ exd5 0-1

[Event "VI Open Vallee d'Aoste A"]
[Site "Saint Vincent - Chatillon ITA"]
[Date "1998.02.07"]
[Round "1"]
[White "Godena, Michele"]
[Black "Castaldo, Folco"]
[Result "1/2-1/2"]
[WhiteElo "2500"]
[BlackElo "2155"]
[PlyCount "81"]
[EventDate "1998.02.07"]

1. e4 g6 2. d4 Bg7 3. Nf3 c6 4. h3 Nf6 5. Bd3 O-O 6. O-O d6 7. Re1 Qc7 8. c3 e5
9. Qc2 Nbd7 10. Bg5 a6 11. a4 b6 12. Nbd2 Bb7 13. b4 Rfe8 14. dxe5 dxe5 15. Bf1
c5 16. b5 a5 17. Nc4 Re6 18. Rad1 Nf8 19. Bxf6 Bxf6 20. Ne3 Rd8 21. Bc4 Red6
22. Rxd6 Rxd6 23. Ng4 Qe7 24. Nh6+ Kg7 25. Nxf7 Rd7 26. Qc1 Ne6 27. N7xe5 Rd8
28. Ng4 Ng5 29. Nxg5 Bxg5 30. f4 Bh4 31. Re2 h5 32. Nf2 Bg3 33. Nd3 h4 34. Qe3
Qf6 35. Bd5 Bxd5 36. exd5 Rxd5 37. Qe4 Qd6 38. Qe7+ Qxe7 39. Rxe7+ Kf6 40. Re3
c4 41. Nf2 1/2-1/2

[Event "VI Open Vallee d'Aoste A"]
[Site "Saint Vincent - Chatillon ITA"]
[Date "1998.02.07"]
[Round "1"]
[White "Luciani, Valerio"]
[Black "Novikov, Igor A."]
[Result "0-1"]
[WhiteElo "2220"]
[BlackElo "2550"]
[PlyCount "73"]
[EventDate "1998.02.07"]

1. c4 e6 2. Nc3 d5 3. d4 c6 4. cxd5 exd5 5. Nf3 Bd6 6. Bg5 Ne7 7. e3 Qb6 8. Qd2
Bg4 9. Bxe7 Bxe7 10. Ne5 Be6 11. a3 O-O 12. Be2 Bd6 13. Nf3 Qd8 14. e4 dxe4 15.
Nxe4 Be7 16. O-O Nd7 17. Qe3 Re8 18. Ne5 Qc7 19. Qg3 Rad8 20. Rac1 Qb6 21. Qc3
Bd5 22. Nxd7 Rxd7 23. Nc5 Rdd8 24. Rfd1 Qc7 25. Bf1 Bf6 26. Nd3 Re4 27. Nc5 Re7
28. Nd3 Red7 29. Ne5 Rd6 30. f4 Qb6 31. Rd2 Bb3 32. Bc4 Rxd4 33. Rxd4 Rxd4 34.
Kh1 Bxc4 35. Nxc4 Qd8 36. Qe1 Rxf4 37. b4 $138 0-1

[Event "VI Open Vallee d'Aoste A"]
[Site "Saint Vincent - Chatillon ITA"]
[Date "1998.02.07"]
[Round "1"]
[White "Miladinovic, Igor"]
[Black "Hohler, Peter"]
[Result "1/2-1/2"]
[WhiteElo "2565"]
[BlackElo "2230"]
[PlyCount "88"]
[EventDate "1998.02.07"]

1. d4 Nf6 2. c4 e6 3. Nc3 Bb4 4. g3 O-O 5. Bg2 d5 6. cxd5 exd5 7. Nf3 c6 8. O-O
Nbd7 9. Ne1 Re8 10. Nd3 Bf8 11. Qc2 Nb6 12. Nc5 Nc4 13. e4 dxe4 14. N3xe4 Nd6
15. Bg5 Ndxe4 16. Nxe4 Be7 17. Rfe1 Nxe4 18. Bxe7 Rxe7 19. Bxe4 g6 20. Qc5 Be6
21. h4 Rd7 22. h5 Bd5 23. hxg6 hxg6 24. a4 Qf8 25. a5 Qxc5 26. dxc5 Re8 27. Bd3
Rxe1+ 28. Rxe1 Be6 29. Bxg6 Rd5 30. b4 Rd4 31. Be4 Rxb4 32. a6 bxa6 33. Bxc6
Rc4 34. Re5 Kg7 35. f4 Rc2 36. Be4 Rc1+ 37. Kf2 a5 38. c6 a4 39. Ra5 a3 40. f5
Bc8 41. Rxa7 Kf6 42. Bd5 Kxf5 43. c7 Be6 44. Bxe6+ Kxe6 1/2-1/2

[Event "VI Open Vallee d'Aoste A"]
[Site "Saint Vincent - Chatillon ITA"]
[Date "1998.02.07"]
[Round "1"]
[White "Murgia, Andrea"]
[Black "Franco Ocampos, Zenon"]
[Result "0-1"]
[WhiteElo "2150"]
[BlackElo "2465"]
[PlyCount "74"]
[EventDate "1998.02.07"]

1. e4 c5 2. c3 d6 3. d4 Nf6 4. dxc5 Nc6 5. Nd2 dxc5 6. Ngf3 Qc7 7. Be2 e5 8.
O-O Be7 9. Re1 O-O 10. Qc2 h6 11. Nf1 Be6 12. Ng3 Rfe8 13. Be3 Bf8 14. h3 a6
15. Nh4 b5 16. Nhf5 Kh7 17. Rf1 g6 18. Nh4 Nd7 19. Bg4 c4 20. Bxe6 Rxe6 21.
Rad1 Nc5 22. Bxc5 Bxc5 23. Rd2 Rd8 24. Rfd1 Rf6 25. Nf3 Rxd2 26. Rxd2 Nd8 27.
Nh2 h5 28. Ngf1 Ne6 29. g3 Ng5 30. Kg2 Qc8 31. g4 Rf4 32. f3 hxg4 33. fxg4 Kg7
34. h4 Nxe4 35. Re2 Rxg4+ 36. Nxg4 Qxg4+ 37. Kh2 Qg1+ 0-1

[Event "VI Open Vallee d'Aoste A"]
[Site "Saint Vincent - Chatillon ITA"]
[Date "1998.02.07"]
[Round "1"]
[White "Prelati, Maurizio"]
[Black "Naumkin, Igor"]
[Result "0-1"]
[WhiteElo "2110"]
[BlackElo "2435"]
[PlyCount "52"]
[EventDate "1998.02.07"]

1. e4 e6 2. d4 d5 3. e5 c5 4. Qg4 cxd4 5. Nf3 Nc6 6. Bd3 Qc7 7. O-O f5 8. Qg3
Bc5 9. h4 Nh6 10. Bxh6 gxh6 11. Nbd2 Bd7 12. Nb3 Bb6 13. Rfe1 O-O-O 14. Qf4
Rdg8 15. Qxh6 Rg6 16. Qd2 Rhg8 17. g3 Rg4 18. Kh1 f4 19. Nh2 Nxe5 20. Nxg4 Nxg4
21. f3 Ne3 22. g4 e5 23. Bxh7 Rh8 24. Bg6 Rxh4+ 25. Kg1 d3 26. cxd3 Nc4+ 0-1

[Event "VI Open Vallee d'Aoste A"]
[Site "Saint Vincent - Chatillon ITA"]
[Date "1998.02.07"]
[Round "1"]
[White "Rossi, Giampiero"]
[Black "Luther, Thomas"]
[Result "0-1"]
[WhiteElo "2170"]
[BlackElo "2510"]
[PlyCount "40"]
[EventDate "1998.02.07"]

1. d4 e6 2. c4 b6 3. a3 Bb7 4. Nc3 f5 5. Qd3 Nf6 6. Nf3 Ne4 7. g3 c5 8. Bg2
cxd4 9. Nxd4 Nc5 10. Bxb7 Nxd3+ 11. exd3 Nc6 12. Nxc6 dxc6 13. Bxc6+ Kf7 14.
Bxa8 Qxa8 15. O-O h5 16. h4 Qf3 17. Be3 g5 18. Bxg5 Bc5 19. Kh2 Bxf2 20. Bf4
Rg8 0-1

[Event "VI Open Vallee d'Aoste A"]
[Site "Saint Vincent - Chatillon ITA"]
[Date "1998.02.07"]
[Round "1"]
[White "Zelcic, Robert"]
[Black "Valenti, Giuseppe"]
[Result "1-0"]
[WhiteElo "2540"]
[BlackElo "2210"]
[PlyCount "34"]
[EventDate "1998.02.07"]

1. e4 c5 2. Nf3 e6 3. d4 cxd4 4. Nxd4 a6 5. Nc3 Qc7 6. Be2 Nf6 7. O-O Be7 8. f4
d6 9. Kh1 Nc6 10. Be3 O-O 11. Qe1 Bd7 12. Qg3 b5 13. e5 dxe5 14. fxe5 Nxe5 15.
Rxf6 Bxf6 16. Bf4 Kh8 17. Nf3 b4 1-0

[Event "VI Open Vallee d'Aoste A"]
[Site "Saint Vincent - Chatillon ITA"]
[Date "1998.02.07"]
[Round "1"]
[White "Zueger, Beat"]
[Black "Mordiglia, Riccardo"]
[Result "1/2-1/2"]
[WhiteElo "2445"]
[BlackElo "2115"]
[PlyCount "63"]
[EventDate "1998.02.07"]

1. c4 g6 2. e4 Bg7 3. d4 d6 4. Nc3 Nc6 5. d5 Nd4 6. Be3 c5 7. Nge2 Qb6 8. Na4
Qa5+ 9. Bd2 Qa6 10. Nxd4 Bxd4 11. Nc3 Bd7 12. Bd3 Bg7 13. f4 Nh6 14. O-O Bd4+
15. Kh1 f6 16. e5 Bf5 17. Bxf5 Nxf5 18. Nb5 Qb6 19. exd6 Nxd6 20. Nxd4 cxd4 21.
Qa4+ Kf7 22. Rae1 Qc7 23. c5 Qxc5 24. Bb4 Qxd5 25. Bxd6 Qxd6 26. Qb3+ Kg7 27.
Re6 Qd7 28. Rfe1 Rhe8 29. Qb4 Kf7 30. Qb3 Kg7 31. Qb4 Kf7 32. Qb3 1/2-1/2

[Event "VI Open Vallee d'Aoste A"]
[Site "Saint Vincent - Chatillon ITA"]
[Date "1998.02.08"]
[Round "2"]
[White "Botsari, Anna-Maria"]
[Black "Belotti, Bruno"]
[Result "0-1"]
[WhiteElo "2325"]
[BlackElo "2420"]
[PlyCount "68"]
[EventDate "1998.02.07"]

1. d4 d6 2. e4 Nf6 3. f3 c5 4. d5 g6 5. c4 Bg7 6. Nc3 O-O 7. Bg5 e6 8. Qd2 exd5
9. cxd5 a6 10. a4 h6 11. Be3 Nh7 12. Nge2 Re8 13. Ra3 Nd7 14. Nd1 Ne5 15. Nec3
f5 16. Nf2 g5 17. exf5 Bxf5 18. Be2 Qe7 19. Nce4 Rab8 20. O-O Nf6 21. Nxf6+
Qxf6 22. Re1 b5 23. axb5 axb5 24. b4 Nc4 25. Bxc4 bxc4 26. bxc5 c3 27. Qe2 Rb2
28. Qf1 Rxe3 29. Rxe3 Rb1 30. Re1 c2 31. Rae3 Qa1 32. Re8+ Kh7 33. Nd3 Qd4+ 34.
Nf2 Qxc5 0-1

[Event "VI Open Vallee d'Aoste A"]
[Site "Saint Vincent - Chatillon ITA"]
[Date "1998.02.08"]
[Round "2"]
[White "Castaldo, Folco"]
[Black "Zueger, Beat"]
[Result "1/2-1/2"]
[WhiteElo "2155"]
[BlackElo "2445"]
[PlyCount "115"]
[EventDate "1998.02.07"]

1. e4 e6 2. d4 d5 3. Nd2 Nf6 4. e5 Nfd7 5. Bd3 c5 6. c3 Nc6 7. Ne2 cxd4 8. cxd4
f6 9. exf6 Nxf6 10. Nf3 Bd6 11. O-O O-O 12. Bg5 Bd7 13. Re1 Qb6 14. Nc3 Kh8 15.
Na4 Qa5 16. Bc2 Ne4 17. Be3 Nb4 18. Bb3 Bb5 19. Ng5 Nd3 20. Nxe4 dxe4 21. Re2
Rf6 22. Nc3 Nxb2 23. Rxb2 Qxc3 24. Rc2 Qa5 25. Rac1 Bc6 26. Qg4 Re8 27. h4 Bd5
28. Rc8 Rff8 29. Rxe8 Rxe8 30. Qh5 Rf8 31. g3 Qb5 32. Rc2 a5 33. Qg5 a4 34.
Bxd5 exd5 35. h5 h6 36. Qg6 Qd7 37. Bxh6 Rf6 38. Rc8+ Bf8 39. Qxf6 gxf6 40.
Rxf8+ Kh7 41. Rxf6 Qg4 42. Be3 Qxh5 43. Rb6 Qf7 44. a3 Qc7 45. Rb4 Qc6 46. g4
b5 47. g5 Kg6 48. Kg2 Kh5 49. Rb1 Kg4 50. Rh1 b4 51. axb4 a3 52. Ra1 Qa6 53. g6
Qxg6 54. Rxa3 Kf5+ 55. Kf1 Qb6 56. Ra8 Qxb4 57. Rg8 Qb1+ 58. Kg2 1/2-1/2

[Event "VI Open Vallee d'Aoste A"]
[Site "Saint Vincent - Chatillon ITA"]
[Date "1998.02.08"]
[Round "2"]
[White "Djuric, Stefan"]
[Black "Guido, Flavio"]
[Result "0-1"]
[WhiteElo "2520"]
[BlackElo "2370"]
[PlyCount "130"]
[EventDate "1998.02.07"]

1. e4 c5 2. Nf3 e6 3. g3 Nc6 4. Bg2 Nf6 5. d3 d6 6. O-O Be7 7. Re1 O-O 8. c3 e5
9. a3 Re8 10. b4 a6 11. Nbd2 Bf8 12. Bb2 b5 13. d4 exd4 14. cxd4 cxb4 15. axb4
Nxb4 16. Qb3 d5 17. e5 Nd7 18. Bc3 a5 19. Bf1 Rb8 20. Reb1 Ba6 21. h4 h6 22.
Qd1 Nc6 23. Bd3 b4 24. Bxa6 bxc3 25. Nf1 Nb4 26. Bd3 Nxd3 27. Qxd3 Bb4 28. Ne3
Nf8 29. Ne1 Qd7 30. N1c2 Rec8 31. Kg2 Rb6 32. h5 f6 33. exf6 Rxf6 34. Nxb4 axb4
35. Rxb4 Qf7 36. Ng4 Rf5 37. Qe2 c2 38. Rc1 Qxh5 39. f3 Rf7 40. Rxc2 Ra8 41.
Rb6 Ra1 42. Nh2 Qg5 43. Qd3 h5 44. Qd2 Qf5 45. Rb8 Kh7 46. Rc1 Rxc1 47. Qxc1
Ne6 48. Qd1 Rc7 49. Rb2 Rc4 50. Rd2 Ng5 51. Nf1 Rc3 52. Rf2 Qd3 53. Nd2 Qxd4
54. f4 Rxg3+ 55. Kf1 Qd3+ 56. Qe2 Ne4 57. Qxd3 Rxd3 58. Nxe4 dxe4 59. Rh2 Rf3+
60. Ke2 g6 61. Rh4 Kg7 62. f5 Rxf5 63. Rxe4 g5 64. Re6 g4 65. Ke3 g3 0-1

[Event "VI Open Vallee d'Aoste A"]
[Site "Saint Vincent - Chatillon ITA"]
[Date "1998.02.08"]
[Round "2"]
[White "Everet, Alexandro"]
[Black "Miladinovic, Igor"]
[Result "0-1"]
[WhiteElo "2290"]
[BlackElo "2565"]
[PlyCount "90"]
[EventDate "1998.02.07"]

1. b3 e5 2. Bb2 Nc6 3. e4 Nf6 4. Nc3 Bc5 5. h3 O-O 6. Nf3 d5 7. Bd3 Nb4 8. O-O
Nxd3 9. cxd3 d4 10. Ne2 Re8 11. Ne1 a5 12. Kh1 Bd6 13. f4 c5 14. f5 a4 15. g4
h6 16. Ng3 a3 17. Bc1 b5 18. b4 c4 19. Rb1 Bb7 20. Qf3 Ra4 21. Kh2 Qa8 22. Ng2
Rxb4 23. Rxb4 Bxb4 24. h4 cxd3 25. Re1 Be7 26. g5 hxg5 27. hxg5 Nh7 28. g6 Ng5
29. Qh5 fxg6 30. fxg6 Rf8 31. Nh4 Rf2+ 32. Kg1 Rf4 33. Ng2 Rf3 34. Nf5 Bf6 35.
Nd6 Bc8 36. Nh4 Rf4 37. Nhf5 Bxf5 38. Nxf5 Rxf5 39. Kg2 Rf4 40. Kg3 Rf3+ 41.
Kg2 Rh3 42. Qg4 Qe8 43. Bxa3 Qxg6 44. Rc1 Rh6 45. Rc8+ Kh7 0-1

[Event "VI Open Vallee d'Aoste A"]
[Site "Saint Vincent - Chatillon ITA"]
[Date "1998.02.08"]
[Round "2"]
[White "Franco Ocampos, Zenon"]
[Black "Anceschi, Vittorio"]
[Result "1-0"]
[WhiteElo "2465"]
[BlackElo "2290"]
[PlyCount "81"]
[EventDate "1998.02.07"]

1. c4 f5 2. g3 Nf6 3. Bg2 g6 4. Nc3 Bg7 5. d3 Nc6 6. e4 d6 7. Nge2 O-O 8. Rb1
e5 9. O-O Be6 10. Nd5 Qd7 11. b3 Rf7 12. Bg5 Raf8 13. Qd2 fxe4 14. dxe4 Bh3 15.
f3 Bxg2 16. Kxg2 Nxd5 17. Qxd5 h6 18. Be3 b6 19. Qd2 Kh7 20. Rbd1 Qe6 21. Rf2
g5 22. g4 Ne7 23. Ng3 Ng6 24. Nf5 Bf6 25. Qd5 Qxd5 26. cxd5 a5 27. Rc2 Ra8 28.
Rdc1 Bd8 29. Rc6 Nh4+ 30. Kf2 Nxf5 31. exf5 Rd7 32. Ke2 Ra7 33. Kd3 Kg7 34. Ke4
Rb7 35. h4 gxh4 36. Bf2 Bg5 37. Rh1 Rb8 38. Bxh4 Bxh4 39. Rxh4 Rf7 40. Rc1 Rg8
41. Rch1 1-0

[Event "VI Open Vallee d'Aoste A"]
[Site "Saint Vincent - Chatillon ITA"]
[Date "1998.02.08"]
[Round "2"]
[White "Guerrieri, Lorenzo"]
[Black "Guglielmi, Nicolo'"]
[Result "1-0"]
[WhiteElo "2185"]
[BlackElo "1869"]
[PlyCount "81"]
[EventDate "1998.02.07"]

1. e4 e6 2. d4 d5 3. e5 Qd7 4. c3 b6 5. Bd3 Ba6 6. Bc2 Ne7 7. Ne2 c5 8. O-O
Nbc6 9. Be3 cxd4 10. cxd4 Nb4 11. Ba4 Bb5 12. Bxb5 Qxb5 13. Nbc3 Qd7 14. Ng3
Rc8 15. Rc1 h6 16. a3 Nbc6 17. b4 Ng6 18. f4 Nge7 19. f5 Nxf5 20. Nxf5 exf5 21.
Qf3 Ne7 22. g4 g6 23. Nxd5 Nxd5 24. Rxc8+ Qxc8 25. Qxd5 Be7 26. Qf3 h5 27. gxf5
gxf5 28. Qxf5 Qxf5 29. Rxf5 Rh7 30. Kf2 Kd7 31. d5 Bd8 32. b5 Kc8 33. Kf3 Be7
34. a4 Kd7 35. Ke4 h4 36. Rxf7 Rxf7 37. e6+ Ke8 38. exf7+ Kxf7 39. h3 Bd6 40.
Bf4 Ke7 41. Bg5+ 1-0

[Event "VI Open Vallee d'Aoste A"]
[Site "Saint Vincent - Chatillon ITA"]
[Date "1998.02.08"]
[Round "2"]
[White "Hohler, Peter"]
[Black "Godena, Michele"]
[Result "1/2-1/2"]
[WhiteElo "2230"]
[BlackElo "2500"]
[PlyCount "36"]
[EventDate "1998.02.07"]

1. c4 e5 2. Nc3 Nc6 3. Nf3 g6 4. d4 exd4 5. Nxd4 Bg7 6. Nxc6 bxc6 7. g3 Ne7 8.
Bg2 O-O 9. O-O d6 10. Bg5 h6 11. Bxe7 Qxe7 12. Bxc6 Rb8 13. Qd2 Qg5 14. Rfd1
Qxd2 15. Rxd2 Ba6 16. Rc1 Bxc4 17. b3 Bxc3 18. Rxc3 Be6 1/2-1/2

[Event "VI Open Vallee d'Aoste A"]
[Site "Saint Vincent - Chatillon ITA"]
[Date "1998.02.08"]
[Round "2"]
[White "Luther, Thomas"]
[Black "Rossi, Carlo"]
[Result "1-0"]
[WhiteElo "2510"]
[BlackElo "2330"]
[PlyCount "81"]
[EventDate "1998.02.07"]

1. e4 Nc6 2. Nf3 d6 3. d4 Nf6 4. Nc3 Bg4 5. Be3 e6 6. h3 Bh5 7. d5 exd5 8. exd5
Bxf3 9. Qxf3 Ne5 10. Qe2 Be7 11. g4 c5 12. O-O-O Nfd7 13. f4 Ng6 14. g5 a6 15.
h4 h5 16. gxh6 Rxh6 17. f5 Nge5 18. Bxh6 gxh6 19. f6 Nxf6 20. Bh3 Qa5 21. Kb1
Kd8 22. Ne4 Kc7 23. Rhf1 Nxe4 24. Qxe4 Re8 25. Rf5 Qb5 26. a4 Qb6 27. Qf4 Kb8
28. Rxe5 dxe5 29. Qxf7 Qd8 30. d6 Bxh4 31. Bg2 e4 32. d7 Rf8 33. Qe6 Qc7 34.
Qd5 Ka7 35. Bxe4 Rb8 36. Rd3 b6 37. Qc6 Qd8 38. Rd6 Bg5 39. Re6 Bf4 40. Re8 Qc7
41. Qa8+ 1-0

[Event "VI Open Vallee d'Aoste A"]
[Site "Saint Vincent - Chatillon ITA"]
[Date "1998.02.08"]
[Round "2"]
[White "Manca, Federico"]
[Black "Cebalo, Miso"]
[Result "1-0"]
[WhiteElo "2375"]
[BlackElo "2515"]
[PlyCount "43"]
[EventDate "1998.02.07"]

1. e4 d5 2. exd5 Nf6 3. c4 e6 4. dxe6 Bxe6 5. Nf3 Nc6 6. Be2 Bc5 7. O-O Qd7 8.
b4 Bd4 9. Nc3 O-O 10. Bb2 Nxb4 11. Nxd4 Qxd4 12. Qb3 Nd3 13. Bxd3 Qxd3 14. Nd5
Qxb3 15. Nxf6+ gxf6 16. axb3 Rfd8 17. Bxf6 Rxd2 18. f4 a5 19. Rf3 Kf8 20. Re1
h6 21. f5 Bd7 22. Rg3 1-0

[Event "VI Open Vallee d'Aoste A"]
[Site "Saint Vincent - Chatillon ITA"]
[Date "1998.02.08"]
[Round "2"]
[White "Mantovani, Renzo"]
[Black "Farago, Ivan"]
[Result "1/2-1/2"]
[WhiteElo "2365"]
[BlackElo "2475"]
[PlyCount "38"]
[EventDate "1998.02.07"]

1. e4 c5 2. Nf3 e6 3. d4 cxd4 4. Nxd4 a6 5. Nc3 Qc7 6. Bd3 Nc6 7. Nxc6 bxc6 8.
O-O Nf6 9. f4 d5 10. e5 Nd7 11. Kh1 Be7 12. Qg4 g6 13. Qh3 Bb7 14. Na4 c5 15.
c4 d4 16. Bd2 Bc6 17. b3 h5 18. Nb2 Qb7 19. Ba5 Kf8 1/2-1/2

[Event "VI Open Vallee d'Aoste A"]
[Site "Saint Vincent - Chatillon ITA"]
[Date "1998.02.08"]
[Round "2"]
[White "Martorelli, Antonio"]
[Black "Zelcic, Robert"]
[Result "0-1"]
[WhiteElo "2405"]
[BlackElo "2540"]
[PlyCount "114"]
[EventDate "1998.02.07"]

1. e4 c6 2. d4 d5 3. exd5 cxd5 4. c4 e6 5. Nc3 Nf6 6. Nf3 Bb4 7. cxd5 Nxd5 8.
Qc2 Nc6 9. Bc4 Nb6 10. Bb3 Nxd4 11. Nxd4 Qxd4 12. O-O Bd7 13. Be3 Qg4 14. Rad1
Qg6 15. Qe2 Bc6 16. f3 Bxc3 17. bxc3 O-O 18. Rd4 Rfd8 19. Bc2 f5 20. Bb3 Nd5
21. Rfd1 Rd7 22. Qd2 h6 23. Bf2 b5 24. Bg3 Rad8 25. Qe1 Kh7 26. Be5 Nb6 27. Qe2
Bd5 28. Kf2 Bxb3 29. axb3 Rxd4 30. Bxd4 Nd5 31. Be5 Qg5 32. c4 bxc4 33. bxc4
Nb4 34. Rxd8 Qxd8 35. Bc3 Nd3+ 36. Kf1 Qd6 37. g3 e5 38. Qe3 f4 39. Qe4+ Kg8
40. Qa8+ Kh7 41. Qe4+ Kg8 42. Qa8+ Kf7 43. Qxa7+ Kf6 44. Qa8 Qb6 45. c5 Qb1+
46. Ke2 Nc1+ 47. Kf1 Qd3+ 48. Kg2 Qe2+ 49. Kg1 fxg3 50. hxg3 Qe3+ 51. Kg2 Qxc3
52. Qf8+ Kg6 53. Qe8+ Kh7 54. c6 Qc2+ 55. Kh3 Ne2 56. Kg4 Nd4 57. Qxe5 Nxc6 0-1

[Event "VI Open Vallee d'Aoste A"]
[Site "Saint Vincent - Chatillon ITA"]
[Date "1998.02.08"]
[Round "2"]
[White "Novikov, Igor A."]
[Black "Lanzani, Mario"]
[Result "1-0"]
[WhiteElo "2550"]
[BlackElo "2375"]
[PlyCount "48"]
[EventDate "1998.02.07"]

1. d4 Nf6 2. c4 g6 3. Nc3 Bg7 4. e4 d6 5. f3 O-O 6. Bg5 c5 7. d5 a6 8. a4 e6 9.
Qd2 exd5 10. cxd5 h6 11. Be3 Nbd7 12. Nh3 Ne5 13. Nf2 Bd7 14. Bxh6 Bxh6 15.
Qxh6 b5 16. Be2 bxa4 17. f4 Neg4 18. Bxg4 Nxg4 19. Nxg4 Bxg4 20. f5 Bxf5 21.
exf5 Re8+ 22. Kd1 Qf6 23. fxg6 Qd4+ 24. Kc1 Re3 1-0

[Event "VI Open Vallee d'Aoste A"]
[Site "Saint Vincent - Chatillon ITA"]
[Date "1998.02.08"]
[Round "2"]
[White "Sedina, Elena"]
[Black "Efimov, Igor"]
[Result "0-1"]
[WhiteElo "2380"]
[BlackElo "2525"]
[PlyCount "108"]
[EventDate "1998.02.07"]

1. e4 c5 2. Nf3 e6 3. d3 Nc6 4. g3 d5 5. Nbd2 Nf6 6. Bg2 Be7 7. O-O a5 8. Re1
a4 9. a3 b6 10. e5 Nd7 11. c4 Bb7 12. Qe2 Nf8 13. h4 h6 14. h5 Qc7 15. Rb1 Rd8
16. Qd1 Ra8 17. b3 Nd7 18. bxa4 O-O 19. cxd5 exd5 20. Nf1 Nd8 21. Ne3 Ne6 22.
Nf5 Rfe8 23. Nxe7+ Rxe7 24. Nh4 Nxe5 25. Bb2 Nd4 26. Bxd4 cxd4 27. Nf5 Ree8 28.
f4 Bc8 29. Bxd5 Ra5 30. Be4 Nc6 31. Bxc6 Rxe1+ 32. Qxe1 Bxf5 33. Qe8+ Kh7 34.
Be4 Bxe4 35. Qxe4+ f5 36. Qxd4 Rc5 37. Re1 Qf7 38. Qe3 Qxh5 39. Qe2 Qg6 40. Qf3
Rc3 41. Rb1 Qd6 42. Rd1 Qd4+ 43. Qf2 Qxa4 44. Qf3 Rxa3 45. g4 Qd4+ 46. Kh1 fxg4
47. Qxg4 Qd5+ 48. Kg1 Rxd3 49. Rxd3 Qxd3 50. f5 Qb1+ 51. Kh2 Qb2+ 52. Kh3 Qc3+
53. Kg2 Qc6+ 54. Kh2 b5 0-1

[Event "VI Open Vallee d'Aoste A"]
[Site "Saint Vincent - Chatillon ITA"]
[Date "1998.02.08"]
[Round "2"]
[White "Valenti, Giuseppe"]
[Black "Ciuffoletti, Paolo"]
[Result "1/2-1/2"]
[WhiteElo "2210"]
[BlackElo "2054"]
[PlyCount "42"]
[EventDate "1998.02.07"]

1. e4 e5 2. Nf3 Nc6 3. Bb5 g6 4. O-O Bg7 5. c3 Nge7 6. d4 exd4 7. cxd4 d5 8.
exd5 Nxd5 9. Re1+ Be6 10. Ne5 O-O 11. Nxc6 bxc6 12. Bxc6 Rb8 13. Nc3 Nb4 14.
Be4 Bxd4 15. Qe2 Re8 16. a3 Nd5 17. Bxd5 Bxd5 18. Qxe8+ Qxe8 19. Rxe8+ Rxe8 20.
Bf4 c6 21. h3 Bxc3 1/2-1/2

[Event "VI Open Vallee d'Aoste A"]
[Site "Saint Vincent - Chatillon ITA"]
[Date "1998.02.08"]
[Round "2"]
[White "Van den Doel, Erik"]
[Black "Caposciutti, Maurizio"]
[Result "1-0"]
[WhiteElo "2485"]
[BlackElo "2310"]
[PlyCount "111"]
[EventDate "1998.02.07"]

1. e4 c5 2. Nf3 Nc6 3. Bb5 Nf6 4. Nc3 g6 5. e5 Ng4 6. Bxc6 dxc6 7. h3 Nh6 8. g4
Bg7 9. d3 O-O 10. Be3 f5 11. exf6 exf6 12. Qd2 Nf7 13. O-O-O b6 14. Kb1 Nd6 15.
Bh6 Nb5 16. Bxg7 Kxg7 17. d4 Nxd4 18. Ne2 Re8 19. Nfxd4 cxd4 20. Nxd4 c5 21.
Nb5 Qxd2 22. Rxd2 Re7 23. Rhd1 Be6 24. b3 Bf7 25. Rd7 Kf8 26. Kb2 a6 27. Nc3 b5
28. R7d6 Kg7 29. Rc6 b4 30. Nb1 c4 31. bxc4 a5 32. Rdd6 Raa7 33. Nd2 Re2 34. f3
a4 35. Rb6 Rh2 36. Rxb4 Rxh3 37. a3 Rh2 38. c5 h5 39. gxh5 Rxh5 40. c6 Rc7 41.
Ne4 Rf5 42. Rb8 g5 43. Rd7 Rxc6 44. Rbb7 Kg6 45. Rxf7 Rxf3 46. Rfd7 g4 47. Nd6
f5 48. Nb5 Rf2 49. Nd4 Rc4 50. Rd6+ Kg5 51. Rd5 Rxd4 52. Rxd4 f4 53. Rb5+ Kh4
54. Rf5 Kg3 55. Rxa4 Rf1 56. Rb4 1-0

[Event "VI Open Vallee d'Aoste A"]
[Site "Saint Vincent - Chatillon ITA"]
[Date "1998.02.09"]
[Round "3"]
[White "Belotti, Bruno"]
[Black "Novikov, Igor A."]
[Result "0-1"]
[WhiteElo "2420"]
[BlackElo "2550"]
[PlyCount "70"]
[EventDate "1998.02.07"]

1. e4 c5 2. Nc3 d6 3. f4 g6 4. Nf3 Bg7 5. Bc4 Nc6 6. O-O e6 7. d3 Nge7 8. Qe1
h6 9. Bb3 a6 10. a4 Rb8 11. Qg3 b5 12. axb5 axb5 13. f5 exf5 14. Bf4 c4 15.
dxc4 bxc4 16. Bxc4 Rxb2 17. Bxd6 Bxc3 18. Bc7 Qd7 19. Rad1 Nd4 20. Kh1 O-O 21.
Nxd4 Bxd4 22. exf5 Nxf5 23. Qxg6+ Kh8 24. Qh5 Qxc7 25. Rxd4 Rb6 26. Rdf4 Qe5
27. Qf3 Nd6 28. Bd3 f5 29. Rh4 Qf6 30. Rh5 Ne8 31. Qf4 Ng7 32. Rh3 Ba6 33. Re3
Bxd3 34. cxd3 Re6 35. Rh3 35... Kh7 $138 0-1

[Event "VI Open Vallee d'Aoste A"]
[Site "Saint Vincent - Chatillon ITA"]
[Date "1998.02.09"]
[Round "3"]
[White "Cebalo, Miso"]
[Black "Hohler, Peter"]
[Result "1/2-1/2"]
[WhiteElo "2515"]
[BlackElo "2230"]
[PlyCount "60"]
[EventDate "1998.02.07"]

1. Nf3 Nf6 2. c4 e6 3. Nc3 Bb4 4. Qc2 O-O 5. a3 Bxc3 6. Qxc3 b6 7. b4 c5 8. Bb2
Bb7 9. e3 d6 10. Be2 Nbd7 11. O-O Qe7 12. d4 Ne4 13. Qc2 Rac8 14. dxc5 dxc5 15.
b5 h6 16. Rfd1 Rfd8 17. a4 Ng5 18. Qc3 Nxf3+ 19. Bxf3 Nf6 20. Bxb7 Qxb7 21. a5
a6 22. h3 Rxd1+ 23. Rxd1 axb5 24. cxb5 bxa5 25. Qxa5 Nd5 26. e4 Nb6 27. Rd6 Nc4
28. Qc3 Nxb2 29. Qxb2 c4 30. b6 c3 1/2-1/2

[Event "VI Open Vallee d'Aoste A"]
[Site "Saint Vincent - Chatillon ITA"]
[Date "1998.02.09"]
[Round "3"]
[White "Efimov, Igor"]
[Black "Van der Werf, Mark"]
[Result "1-0"]
[WhiteElo "2525"]
[BlackElo "2420"]
[PlyCount "67"]
[EventDate "1998.02.07"]

1. Nf3 d5 2. d4 e6 3. e3 c6 4. Nbd2 f5 5. g4 Nd7 6. gxf5 exf5 7. Rg1 Qf6 8. c4
Bd6 9. Ng5 h6 10. Ngf3 Ne7 11. b3 g5 12. h3 Rg8 13. Rg2 h5 14. Ng1 g4 15. Ne2
Qh4 16. hxg4 hxg4 17. Bb2 Nf6 18. Qc2 Ne4 19. Nxe4 fxe4 20. O-O-O Be6 21. Nc3
Rc8 22. Be2 g3 23. Rf1 gxf2 24. Rgxf2 Qg5 25. Kb1 Qxe3 26. cxd5 cxd5 27. Rf6
Kd7 28. Bb5+ Nc6 29. Rxe6 Kxe6 30. Nxd5 Nxd4 31. Nxe3 Rxc2 32. Bxd4 Be5 33.
Nxc2 Bxd4 34. Bc4+ 1-0